| 000 | 00475nam a2200157Ia 4500 | ||
|---|---|---|---|
| 003 | OSt | ||
| 005 | 20230526111638.0 | ||
| 008 | 211028s2009 xx 000 0 und d | ||
| 040 | _cAIMIT LIBRARY | ||
| 041 | _aeng | ||
| 100 |
_aAkshatha, N; Maheshwari, Uma. _g71802 _99050 |
||
| 110 |
_aUma Maheshwari _99051 |
||
| 245 | _aPhylogenetic analysis of the organism belonging to the order gadiformes based on rhodopsin sequence. | ||
| 260 |
_aMangalore _c2009 |
||
| 942 |
_2ddc _cPRO |
||
| 999 |
_c220188 _d220188 |
||